|
|
|
|
| LEADER |
00000nab a2200000 a 4500 |
| 001 |
vtls000275486 |
| 003 |
SK-MaSNL |
| 005 |
20260304181457.0 |
| 008 |
250423c1986 xo 0 slo |
| 015 |
|
|
|a SNBRB19rr/mm-uuuuu
|
| 035 |
|
|
|a CL0285600
|
| 035 |
|
|
|a urn:nbn:sk:snk-ab2j3a
|
| 035 |
|
|
|a (urnnbn)urn:nbn:sk:snk:ar-a02hl0
|
| 035 |
|
|
|a (uuid)8e6ff955-03c0-4a34-9bf2-5d9e270910ec
|
| 040 |
|
|
|a SNKBUCL
|b slo
|c SNKBUCL
|e AACR2
|
| 041 |
0 |
|
|a cze
|
| 044 |
|
|
|a xo
|c SK
|
| 080 |
|
|
|a 69:658.011.56:681.3
|2 1981
|
| 080 |
|
|
|a 658.011.56
|2 1981
|
| 080 |
|
|
|a 681.3
|2 1981
|
| 100 |
1 |
|
|a Kojecká, Anna
|4 aut
|9 1511638
|
| 245 |
1 |
0 |
|a Sjednocení ASŘ ve VHJ Průmyslové stavitelství Brno
|c Anna Kojecká
|
| 300 |
|
|
|b Sch. 1. Res. rus., nem., angl.
|
| 650 |
0 |
7 |
|a Průmyslové stavitelství, VHJ
|2 snkbucl
|9 1351513
|
| 650 |
0 |
7 |
|a riadenie plánované
|2 snkbucl
|9 1351616
|
| 650 |
0 |
7 |
|a automatizované systémy riadenia
|2 snkbucl
|9 28612
|
| 655 |
|
7 |
|a články z novín a časopisov
|2 snkbucl
|9 267496
|
| 773 |
0 |
|
|t Ekonomika stavebníctva
|g Roč. 21, č. 11 (1986), s. 363-366
|
| 850 |
|
|
|a Slovenská národná knižnica
|
| 852 |
|
|
|a Slovenská národná knižnica
|
| 954 |
|
|
|a odborná, vedecká literatúra cudzojazyčná (svetová)
|2 lita
|
| 958 |
|
|
|a article27
|
| 958 |
|
|
|a RK
|
| 958 |
|
|
|a CZ
|
| 958 |
|
|
|a OND
|
| 958 |
|
|
|a EUIPO
|
| 992 |
|
|
|a RBX
|
| 999 |
|
|
|c 3024258
|d 3026188
|